| 000 | 00593nam a2200193 a 4500 | ||
|---|---|---|---|
| 005 | 20250605063848.0 | ||
| 008 | 991125s1974 bue 000 0 spa u | ||
| 035 | _aUPN01000053608 | ||
| 049 | _aCG | ||
| 050 | 4 |
_aB945 J2 _bS5.98 1974 |
|
| 100 | 1 |
_aJames, William, _d1842-1910 |
|
| 245 | 1 | 3 |
_aEl significado de la verdad / _cJames William ; tr. y pról. de Luis Rodríguez Aranda. |
| 260 |
_aBuenos Aires : _bAguilar, _c1974. |
||
| 300 | _a116 p. | ||
| 440 | 0 |
_aBiblioteca de iniciación filosófica ; _v56 |
|
| 650 | 4 |
_aFilosofía moderna _98266 |
|
| 650 | 2 |
_aVerdad _914398 |
|
| 905 | _aLibro | ||
| 999 |
_c53608 _d53608 |
||